[Event "Yuzhny op"]
[Site "Yuzhny"]
[Date "2011.09.08"]
[Round "9"]
[White "Fiodorov, Mikhail"]
[Black "Neronov, Boris"]
[Result "1/2-1/2"]
[WhiteElo "2143"]
[BlackElo "1958"]
[PlyCount "101"]
[EventDate "2011.09.03"]
[EventType "swiss"]
[EventRounds "9"]
[EventCountry "UKR"]
[SourceTitle "CBM 144 Extra"]
[Source "ChessBase"]
[SourceDate "2011.10.28"]
[SourceVersion "1"]
[SourceVersionDate "2011.10.28"]
[SourceQuality "1"]

1. d4 e6 2. Nf3 f5 3. Bf4 Nf6 4. e3 d5 5. c4 c6 6. Bd3 Be7 7. 0-0 0-0 8. Nbd2 Ne4 9. Bxe4 fxe4 10. Ne5 Nd7 11. f3 Nxe5 12. Bxe5 exf3 13. Rxf3 Rxf3 14. Qxf3 Bd7 15. Rf1 Qe8 16. a3 Qg6 17. e4 Rf8 18. Qb3 Rxf1+ 19. Kxf1 b6 20. cxd5 exd5 21. exd5 Qf7+ 22. Ke2 Qxd5 23. Qxd5+ cxd5 24. Bb8 a6 25. Bc7 b5 26. b4 Kf7 27. Ke3 Bg5+ 28. Bf4 Bd8 29. Nf3 a5 30. Bd6 a4 31. h4 h5 32. Bf4 Be7 33. g3 Bf5 34. Ne5+ Ke8 35. Nd3 Bxd3 36. Kxd3 Kf7 37. Ke2 Ke6 38. Kf3 Kf5 39. Bd2 Bf6 40. Be3 g6 41. Bf2 Bg7 42. Be3 Bf8 43. Bc1 Be7 44. Be3 g5 45. Bxg5 Bxg5 46. hxg5 Kxg5 47. Kf2 Kf6 48. Kf3 Kf5 49. Ke3 Kg4 50. Kf2 Kg5 51. Ke3 1/2-1/2

[Event "Yuzhny op"]
[Site "Yuzhny"]
[Date "2011.09.04"]
[Round "2"]
[White "Fiodorov, Mikhail"]
[Black "Rakhmangulov, Andrei"]
[Result "0-1"]
[WhiteElo "2143"]
[BlackElo "2400"]
[PlyCount "74"]
[EventDate "2011.09.03"]
[EventType "swiss"]
[EventRounds "9"]
[EventCountry "UKR"]
[SourceTitle "CBM 144 Extra"]
[Source "ChessBase"]
[SourceDate "2011.10.28"]
[SourceVersion "1"]
[SourceVersionDate "2011.10.28"]
[SourceQuality "1"]

1. d4 b5 2. c3 Nf6 3. a4 bxa4 4. Bg5 c5 5. Bxf6 gxf6 6. d5 Qb6 7. Qc2 Bb7 8. e4 f5 9. f3 Bg7 10. Bc4 Qh6 11. Ne2 fxe4 12. fxe4 Qe3 13. Nd2 0-0 14. Rf1 Qh6 15. h3 d6 16. Rxa4 Nd7 17. Ba6 Bxa6 18. Rxa6 Rfb8 19. Nc4 Ne5 20. Nxe5 Bxe5 21. Rf3 Rb6 22. Ra2 Rab8 23. Kf2 Qh4+ 24. Kg1 Qe1+ 25. Rf1 Bh2+ 26. Kxh2 Qxf1 27. Qd2 Qf6 28. Ng3 Qe5 29. Qf2 R6b7 30. Qf3 h6 31. Qf2 e6 32. Qd2 Kh7 33. dxe6 Rg8 34. Qf2 fxe6 35. c4 Rb3 36. Rxa7+ Kh8 37. Ra3 Qxg3+ 0-1

[Event "Geller Memorial op-B 7th"]
[Site "Odessa"]
[Date "2011.08.26"]
[Round "7"]
[White "Khazankin, Moisey"]
[Black "Fiodorov, Mikhail"]
[Result "0-1"]
[WhiteElo "2166"]
[BlackElo "2143"]
[PlyCount "88"]
[EventDate "2011.08.20"]
[EventType "swiss"]
[EventRounds "9"]
[EventCountry "UKR"]
[SourceTitle "EXT 2014"]
[Source "ChessBase"]
[SourceDate "2013.11.20"]
[SourceVersion "1"]
[SourceVersionDate "2013.11.20"]
[SourceQuality "1"]

1. e4 c5 2. Nc3 g6 3. d4 cxd4 4. Qxd4 Nf6 5. Bb5 Nc6 6. Bxc6 dxc6 7. Qxd8+ Kxd8 8. Bf4 Bg7 9. 0-0-0+ Ke8 10. f3 Nh5 11. Bc7 e5 12. Nge2 Bf6 13. g4 Ng7 14. h4 Ne6 15. Bd6 Bg7 16. Kb1 f6 17. h5 Kf7 18. hxg6+ hxg6 19. Rxh8 Bxh8 20. Rh1 Bg7 21. Nd1 Ng5 22. Rf1 Nxf3 23. Rxf3 Bxg4 24. Rb3 Bxe2 25. Rxb7+ Ke6 26. Nc3 Kxd6 27. Rxg7 Bh5 28. b4 Rb8 29. Rxa7 Rxb4+ 30. Kc1 Bf3 31. Rf7 Ke6 32. Rc7 Bxe4 33. Nxe4 Rxe4 34. Rxc6+ Ke7 35. c4 g5 36. Kc2 g4 37. Kd3 Rd4+ 38. Kc3 g3 39. Rc7+ Rd7 40. Rc8 Kf7 41. Rb8 f5 42. c5 g2 43. Rb1 f4 44. Kc4 f3 0-1

[Event "Geller Memorial op-A 7th"]
[Site "Odessa"]
[Date "2011.08.22"]
[Round "3"]
[White "Fiodorov, Mikhail"]
[Black "Pavlov, Maxim"]
[Result "0-1"]
[WhiteElo "2143"]
[BlackElo "2378"]
[PlyCount "54"]
[EventDate "2011.08.20"]
[EventType "swiss"]
[EventRounds "9"]
[EventCountry "UKR"]
[SourceTitle "EXT 2014"]
[Source "ChessBase"]
[SourceDate "2013.11.20"]
[SourceVersion "1"]
[SourceVersionDate "2013.11.20"]
[SourceQuality "1"]

1. d4 Nf6 2. Nf3 c5 3. d5 b5 4. Bg5 Qb6 5. Nc3 b4 6. Na4 Qa5 7. b3 Ne4 8. Bh4 g6 9. Nd2 Nxd2 10. Qxd2 Bg7 11. 0-0-0 d6 12. Kb1 Nd7 13. Nb2 Qc7 14. e4 Nb6 15. Bb5+ Bd7 16. Ba6 0-0 17. f3 Bc8 18. Qd3 Bxa6 19. Qxa6 Rfc8 20. Nc4 Nxc4 21. Qxc4 a5 22. Rdf1 a4 23. Kc1 axb3 24. axb3 Bc3 25. Kd1 Ra2 26. Be1 Qa5 27. Bd2 Rxc2 0-1

[Event "Geller Memorial op-B 7th"]
[Site "Odessa"]
[Date "2011.08.22"]
[Round "3"]
[White "Ivasenko, Andrey"]
[Black "Fiodorov, Mikhail"]
[Result "0-1"]
[WhiteElo "2022"]
[BlackElo "2143"]
[PlyCount "150"]
[EventDate "2011.08.20"]
[EventType "swiss"]
[EventRounds "9"]
[EventCountry "UKR"]
[SourceTitle "EXT 2014"]
[Source "ChessBase"]
[SourceDate "2013.11.20"]
[SourceVersion "1"]
[SourceVersionDate "2013.11.20"]
[SourceQuality "1"]

1. e4 c5 2. Nf3 Nc6 3. d4 cxd4 4. Nxd4 g6 5. Bc4 Qa5+ 6. c3 Nf6 7. f3 Bg7 8. Be3 0-0 9. Nd2 d5 10. N2b3 Qd8 11. exd5 Nxd5 12. Bxd5 Qxd5 13. Nxc6 Qxc6 14. 0-0 e5 15. Qe2 b6 16. Rfd1 Be6 17. Rd2 Rfd8 18. Rad1 Rxd2 19. Qxd2 Bf8 20. h4 Be7 21. Qf2 Qa4 22. h5 Qxa2 23. Nc1 Qa4 24. Rd2 Qh4 25. Qxh4 Bxh4 26. hxg6 hxg6 27. Nd3 Bf6 28. Nb4 Kf8 29. Nd5 Bxd5 30. Rxd5 Rd8 31. Rxd8+ Bxd8 32. c4 Be7 33. Kf1 Bc5 34. Bd2 a5 35. Bc3 f6 36. b3 Ke7 37. Ke2 Kd6 38. Kd3 f5 39. g4 e4+ 40. fxe4 fxg4 41. e5+ Ke6 42. Ke4 Bf2 43. Bb2 g3 44. Kf3 Kf5 45. Bc3 Bc5 46. Kxg3 Ke4 47. Kg4 Kd3 48. Be1 Kc2 49. e6 Kxb3 50. Bf2 Be7 51. Bxb6 a4 52. c5 a3 53. c6 Bf6 54. c7 a2 55. c8Q a1Q 56. Qc5 Qd1+ 57. Kg3 Qe1+ 58. Qf2 Qe5+ 59. Kg2 Kc4 60. Qc2+ Kb5 61. Qb3+ Kc6 62. Be3 Qe4+ 63. Kf1 Kd6 64. Qb6+ Ke5 65. Qc5+ Kxe6 66. Qc8+ Kf7 67. Qc7+ Kg8 68. Qc8+ Kg7 69. Qd7+ Kg8 70. Qc8+ Kf7 71. Qd7+ Be7 72. Qd4 Qf3+ 73. Ke1 Bb4+ 74. Bd2 Qh1+ 75. Ke2 Qg2+ 0-1

[Event "Geller Memorial op-B 7th"]
[Site "Odessa"]
[Date "2011.08.21"]
[Round "2"]
[White "Fiodorov, Mikhail"]
[Black "Diachuk, Nikolay"]
[Result "1/2-1/2"]
[WhiteElo "2143"]
[BlackElo "2019"]
[PlyCount "96"]
[EventDate "2011.08.20"]
[EventType "swiss"]
[EventRounds "9"]
[EventCountry "UKR"]
[SourceTitle "EXT 2014"]
[Source "ChessBase"]
[SourceDate "2013.11.20"]
[SourceVersion "1"]
[SourceVersionDate "2013.11.20"]
[SourceQuality "1"]

1. d4 Nf6 2. Nf3 g6 3. Bg5 Bg7 4. Nbd2 d5 5. c4 c6 6. e3 0-0 7. Qb3 Qb6 8. Bd3 Nbd7 9. 0-0 Re8 10. cxd5 Qxb3 11. Nxb3 Nxd5 12. e4 Nb4 13. Bb1 e5 14. a3 Na6 15. Bd3 Nc7 16. Nxe5 Nxe5 17. dxe5 Bxe5 18. Rab1 Ne6 19. Be3 Nf4 20. Bc2 b6 21. g3 Ne2+ 22. Kg2 Ba6 23. f4 Bg7 24. Kf2 c5 25. Rfd1 Rad8 26. e5 f6 27. Rxd8 Rxd8 28. Rd1 Rxd1 29. Bxd1 Nd4 30. Nxd4 cxd4 31. Bxd4 fxe5 32. Bb3+ Kf8 33. Bxe5 Bxe5 34. fxe5 Ke7 35. Ke3 Bb7 36. Kf4 h6 37. h4 Bc6 38. h5 gxh5 39. Kf5 Be8 40. Bd5 a6 41. b4 a5 42. Bb3 axb4 43. axb4 h4 44. gxh4 Bh5 45. Ba4 Be2 46. Kg6 Ke6 47. Kxh6 Kxe5 48. Kg7 b5 1/2-1/2

[Event "Geller Memorial op-A 7th"]
[Site "Odessa"]
[Date "2011.08.20"]
[Round "1"]
[White "Firman, Nazar"]
[Black "Fiodorov, Mikhail"]
[Result "1-0"]
[WhiteElo "2517"]
[BlackElo "2143"]
[PlyCount "73"]
[EventDate "2011.08.20"]
[EventType "swiss"]
[EventRounds "9"]
[EventCountry "UKR"]
[SourceTitle "EXT 2014"]
[Source "ChessBase"]
[SourceDate "2013.11.20"]
[SourceVersion "1"]
[SourceVersionDate "2013.11.20"]
[SourceQuality "1"]

1. e4 e6 2. d3 d5 3. Nd2 Nf6 4. g3 dxe4 5. dxe4 b6 6. Bg2 Bb7 7. Ne2 Nbd7 8. 0-0 Nc5 9. f3 a5 10. b3 Be7 11. Bb2 0-0 12. Qe1 Qd7 13. Nc4 Rfd8 14. g4 h6 15. Qg3 Ba6 16. e5 Nd5 17. Rad1 Qe8 18. f4 Rac8 19. a3 Na4 20. Bc1 Bc5+ 21. Kh1 Ne7 22. Rxd8 Rxd8 23. f5 Bxc4 24. bxc4 Nc6 25. f6 Bf8 26. g5 g6 27. gxh6 Nd4 28. h7+ Kh8 29. Nxd4 Rxd4 30. Qh3 Qd8 31. Bh6 Nc5 32. Bc6 Nd7 33. Bg7+ Bxg7 34. fxg7+ Kxg7 35. h8Q+ Qxh8 36. Rxf7+ Kxf7 37. Qxh8 1-0

[Event "Yuzhny op"]
[Site "Yuzhny"]
[Date "2010.09.11"]
[Round "7"]
[White "Fiodorov, Mikhail"]
[Black "Alexandrov, Valery"]
[Result "1-0"]
[WhiteElo "2176"]
[BlackElo "2184"]
[PlyCount "89"]
[EventDate "2010.09.07"]
[EventType "swiss"]
[EventRounds "9"]
[EventCountry "UKR"]
[SourceTitle "CBM 138 Extra"]
[Source "ChessBase"]
[SourceDate "2010.10.29"]
[SourceVersion "1"]
[SourceVersionDate "2010.10.29"]
[SourceQuality "1"]

1. d4 d5 2. c4 c6 3. Nf3 Nf6 4. Nc3 e6 5. e3 a6 6. c5 Nbd7 7. b4 Qc7 8. Bb2 e5 9. dxe5 Nxe5 10. Nxe5 Qxe5 11. Na4 Qe4 12. Bxf6 gxf6 13. Qd4 Qxd4 14. exd4 Bf5 15. Nb6 Rd8 16. 0-0-0 Bh6+ 17. Kb2 0-0 18. Be2 Rde8 19. Rhe1 Re7 20. Bf1 Rfe8 21. Rxe7 Rxe7 22. Kc3 Bg4 23. Rb1 Bf4 24. h3 Bf5 25. Bd3 Bg6 26. a4 Bc7 27. b5 axb5 28. axb5 Bxb6 29. cxb6 Re6 30. Bxg6 fxg6 31. Kb4 cxb5 32. Kxb5 Re2 33. Kc5 Rxf2 34. Kxd5 Rxg2 35. Ke6 Kg7 36. d5 Re2+ 37. Kd7 Kf7 38. d6 Rc2 39. Re1 f5 40. Re7+ Kf6 41. Kd8 f4 42. d7 f3 43. Ke8 Rd2 44. Rf7+ Ke5 45. Rxf3 1-0

[Event "Yuzhny op"]
[Site "Yuzhny"]
[Date "2010.09.08"]
[Round "2"]
[White "Legky, Nikolay A"]
[Black "Fiodorov, Mikhail"]
[Result "1/2-1/2"]
[WhiteElo "2425"]
[BlackElo "2176"]
[PlyCount "105"]
[EventDate "2010.09.07"]
[EventType "swiss"]
[EventRounds "9"]
[EventCountry "UKR"]
[SourceTitle "CBM 138 Extra"]
[Source "ChessBase"]
[SourceDate "2010.10.29"]
[SourceVersion "1"]
[SourceVersionDate "2010.10.29"]
[SourceQuality "1"]

1. d4 Nf6 2. c4 e6 3. Nf3 b6 4. Bf4 Bb7 5. e3 Bb4+ 6. Nfd2 Ne4 7. Bd3 0-0 8. 0-0 Nxd2 9. Nxd2 Bxd2 10. Qxd2 d6 11. Qc2 h6 12. c5 Qe7 13. a3 e5 14. cxd6 cxd6 15. dxe5 dxe5 16. Bg3 Rc8 17. Qe2 Nd7 18. Bf5 Rc7 19. b4 Nf8 20. Qb2 f6 21. Rac1 Bd5 22. Rxc7 Qxc7 23. Rc1 Qf7 24. f3 Be6 25. Be4 Rc8 26. Rxc8 Bxc8 27. f4 exf4 28. exf4 f5 29. Bd3 Ng6 30. Qd4 Kh7 31. Be1 Qc7 32. Bd2 Nh4 33. Bc3 Bb7 34. Bf1 Be4 35. Kf2 Qb7 36. Ba6 Qf7 37. Bc4 Qc7 38. Qe5 Qd7 39. Be6 Qb7 40. g3 Ng6 41. Qd4 Nf8 42. Bc4 Qc7 43. Qe5 Qd7 44. h4 h5 45. Bb5 Qf7 46. Be8 Qa2+ 47. Bb2 Ne6 48. Bf7 Qb1 49. Qc3 Qh1 50. Bxe6 Qg2+ 51. Ke3 Qg1+ 52. Ke2 Qg2+ 53. Ke3 1/2-1/2

[Event "Geller Memorial op-B1 6th"]
[Site "Odessa"]
[Date "2010.08.28"]
[Round "8"]
[White "Demidiukov, Evgeniy"]
[Black "Fiodorov, Mikhail"]
[Result "1/2-1/2"]
[WhiteElo "2327"]
[BlackElo "2176"]
[PlyCount "53"]
[EventDate "2010.08.21"]
[EventType "swiss"]
[EventRounds "9"]
[EventCountry "UKR"]
[SourceTitle "EXT 2012"]
[Source "ChessBase"]
[SourceDate "2011.11.24"]
[SourceVersion "1"]
[SourceVersionDate "2011.11.24"]
[SourceQuality "1"]

1. d4 Nf6 2. c4 e6 3. g3 d5 4. Bg2 dxc4 5. Qa4+ Bd7 6. Qxc4 Bc6 7. Nf3 Bd5 8. Qa4+ Bc6 9. Qd1 Nbd7 10. 0-0 b6 11. Nc3 Ne4 12. Qc2 Nxc3 13. Qxc3 Bb7 14. Bf4 Bd6 15. Rac1 Rc8 16. Bxd6 cxd6 17. Qa3 Rxc1 18. Rxc1 Qb8 19. Nd2 Bxg2 20. Kxg2 0-0 21. e4 Nf6 22. f3 Rd8 23. Rc6 Ne8 24. Qc3 Qb7 25. b4 Qa6 26. a3 Qe2+ 27. Kg1 1/2-1/2

[Event "Geller Memorial op-A 6th"]
[Site "Odessa"]
[Date "2010.08.27"]
[Round "7"]
[White "Fiodorov, Mikhail"]
[Black "Baranov, Jury"]
[Result "1-0"]
[WhiteElo "2176"]
[BlackElo "2142"]
[PlyCount "89"]
[EventDate "2010.08.21"]
[EventType "swiss"]
[EventRounds "9"]
[EventCountry "UKR"]
[SourceTitle "CBM 138 Extra"]
[Source "ChessBase"]
[SourceDate "2010.10.29"]
[SourceVersion "1"]
[SourceVersionDate "2010.10.29"]
[SourceQuality "1"]

1. d4 d5 2. c4 Nc6 3. cxd5 Qxd5 4. e3 e5 5. Nc3 Bb4 6. Bd2 Bxc3 7. bxc3 Nf6 8. f3 0-0 9. e4 Qd8 10. d5 Nxe4 11. fxe4 Qh4+ 12. Ke2 Qxe4+ 13. Kf2 Qxd5 14. Be3 Qa5 15. Qb3 e4 16. Ne2 Ne5 17. h3 Nd3+ 18. Kg1 Be6 19. Qc2 Qe5 20. g3 Rad8 21. Rb1 b6 22. Kh2 h5 23. h4 Bc4 24. Nf4 Qa5 25. Be2 g6 26. Kg2 Ne5 27. Bxc4 Nxc4 28. Rbe1 Rd6 29. Bc1 Re8 30. Re2 f5 31. Rd1 Red8 32. Rxd6 Rxd6 33. Qb3 Qa6 34. Rd2 Rxd2+ 35. Bxd2 Kh7 36. a4 e3 37. Be1 Qb7+ 38. Kg1 Qe4 39. Nh3 Kg7 40. Qd1 Ne5 41. Ng5 e2 42. Qd8 Nf3+ 43. Nxf3 Qxf3 44. Qxc7+ Kg8 45. Qf4 1-0

[Event "Yuzhny op"]
[Site "Yuzhny"]
[Date "2009.09.11"]
[Round "6"]
[White "Fiodorov, Mikhail"]
[Black "Shkuro, Iuri"]
[Result "0-1"]
[WhiteElo "2219"]
[BlackElo "2531"]
[PlyCount "114"]
[EventDate "2009.09.08"]
[EventType "swiss"]
[EventRounds "9"]
[EventCountry "UKR"]
[SourceTitle "CBM 132 Extra"]
[Source "ChessBase"]
[SourceDate "2009.11.03"]
[SourceVersion "1"]
[SourceVersionDate "2009.11.03"]
[SourceQuality "1"]

1. d4 Nc6 2. Nf3 d6 3. b3 g6 4. Bb2 Bg7 5. e3 Nf6 6. Be2 0-0 7. 0-0 a5 8. c4 Ne4 9. Nbd2 Nxd2 10. Qxd2 e5 11. dxe5 dxe5 12. Rad1 Qe7 13. Qc1 Bf5 14. Ba3 Nb4 15. Rd2 c5 16. Rfd1 a4 17. Bxb4 cxb4 18. Rd5 axb3 19. axb3 Ra3 20. Nd2 Rfa8 21. e4 Be6 22. Rd3 Bh6 23. Qb1 Ra2 24. Bf3 Kg7 25. Nf1 Qc5 26. Ne3 R8a3 27. Nc2 Ra5 28. Ne3 Bg5 29. g3 h5 30. h4 Bh6 31. Rf1 Bxe3 32. Rxe3 Rd2 33. Rd1 Raa2 34. Rxd2 Rxd2 35. Re2 Rd4 36. Re1 b5 37. cxb5 Qxb5 38. Rd1 Qc5 39. Rc1 Qd6 40. Rd1 Qc5 41. Rc1 Qa7 42. Rd1 Qa3 43. Rxd4 exd4 44. Bd1 Qa5 45. Qc2 Qa6 46. Kg2 Qa1 47. f4 Qc3 48. f5 gxf5 49. exf5 Bd5+ 50. Kh2 Qe1 51. g4 Qxh4+ 52. Kg1 Qe1+ 53. Kh2 Qh4+ 54. Kg1 hxg4 55. Qe2 Qh1+ 56. Kf2 Qh2+ 57. Ke1 Qxe2+ 0-1

[Event "Yuzhny op"]
[Site "Yuzhny"]
[Date "2009.09.09"]
[Round "2"]
[White "Budnikov, Oleg"]
[Black "Fiodorov, Mikhail"]
[Result "0-1"]
[WhiteElo "2423"]
[BlackElo "2219"]
[PlyCount "114"]
[EventDate "2009.09.08"]
[EventType "swiss"]
[EventRounds "9"]
[EventCountry "UKR"]
[SourceTitle "CBM 132 Extra"]
[Source "ChessBase"]
[SourceDate "2009.11.03"]
[SourceVersion "1"]
[SourceVersionDate "2009.11.03"]
[SourceQuality "1"]

1. e4 e6 2. d4 d5 3. Nd2 dxe4 4. Nxe4 Nd7 5. Nf3 Ngf6 6. Nxf6+ Nxf6 7. Bd3 c5 8. dxc5 Bxc5 9. Bg5 h6 10. Bh4 0-0 11. Qe2 Qa5+ 12. c3 Be7 13. 0-0 Qh5 14. Rad1 Rd8 15. Bb1 Bd7 16. Qe5 Qxe5 17. Nxe5 Be8 18. Ng4 Nd5 19. Bxe7 Nxe7 20. f4 Bb5 21. Rfe1 Be2 22. Rxd8+ Rxd8 23. Ne3 Rd2 24. b3 g5 25. fxg5 hxg5 26. Rc1 Bd3 27. Bxd3 Rxd3 28. Ng4 f5 29. Ne5 Rd5 30. Re1 g4 31. Kf2 Kg7 32. c4 Rd6 33. Re3 Kf6 34. Nd3 Ng6 35. Nc5 b6 36. Rd3 Rc6 37. Na6 Ke7 38. h3 Nf4 39. Rd4 e5 40. Nb4 Rh6 41. Nd5+ Kf7 42. Rd1 Nxd5 43. cxd5 gxh3 44. gxh3 Ke7 45. Kg3 Rg6+ 46. Kf3 Kd6 47. Rd2 f4 48. Ke4 Rg3 49. Rh2 Re3+ 50. Kf5 f3 51. h4 Re2 52. Rh1 f2 53. Rf1 e4 54. Kf4 e3 55. Kf3 Re1 56. Kg2 Rxf1 57. Kxf1 Kxd5 0-1

[Event "Geller Memorial op-A 5th"]
[Site "Odessa"]
[Date "2009.08.22"]
[Round "3"]
[White "Fiodorov, Mikhail"]
[Black "Varanitsa, Yury"]
[Result "1-0"]
[WhiteElo "2219"]
[BlackElo "1940"]
[PlyCount "105"]
[EventDate "2009.08.20"]
[EventType "swiss"]
[EventRounds "9"]
[EventCountry "UKR"]
[SourceTitle "CBM 132 Extra"]
[Source "ChessBase"]
[SourceDate "2009.11.03"]
[SourceVersion "1"]
[SourceVersionDate "2009.11.03"]
[SourceQuality "1"]

1. d4 Nf6 2. Nf3 e6 3. c4 Bb4+ 4. Bd2 Qe7 5. Nc3 d6 6. Qa4+ Nc6 7. d5 Bxc3 8. dxc6 Bxd2+ 9. Nxd2 0-0 10. cxb7 Bxb7 11. f3 c5 12. e3 Nd7 13. Be2 Nb6 14. Qa5 Qg5 15. Kf2 Rfc8 16. Rhd1 d5 17. cxd5 exd5 18. Rac1 c4 19. Nf1 Qe7 20. b3 h6 21. bxc4 dxc4 22. e4 Rc5 23. Qc3 Rac8 24. Ne3 Qe6 25. Nf5 f6 26. Rd6 Qe5 27. Qxe5 Rxe5 28. Rc3 Kf8 29. Ra3 Ra8 30. Rd2 Bc6 31. Rc2 Rc5 32. Nd6 Ke7 33. Nxc4 Nxc4 34. Rxc4 Rxc4 35. Bxc4 a5 36. Ke3 Kd6 37. Bd5 Bxd5 38. Rd3 Kc6 39. Rxd5 Ra7 40. a4 Kb6 41. h4 Rc7 42. h5 Rc4 43. Rd4 Rc5 44. g4 Kc6 45. Kf4 Rg5 46. Rc4+ Kd6 47. Rc8 Kd7 48. Ra8 Kc7 49. Ra6 Kb7 50. Rd6 Kc7 51. Rd5 g6 52. Rxg5 fxg5+ 53. Ke5 1-0

[Event "Geller Memorial op-A 5th"]
[Site "Odessa"]
[Date "2009.08.20"]
[Round "1"]
[White "Fiodorov, Mikhail"]
[Black "Dhillon, Jasteen"]
[Result "0-1"]
[WhiteElo "2219"]
[BlackElo "1801"]
[PlyCount "52"]
[EventDate "2009.08.20"]
[EventType "swiss"]
[EventRounds "9"]
[EventCountry "UKR"]
[SourceTitle "CBM 132 Extra"]
[Source "ChessBase"]
[SourceDate "2009.11.03"]
[SourceVersion "1"]
[SourceVersionDate "2009.11.03"]
[SourceQuality "1"]

1. d4 Nf6 2. Nf3 g6 3. c4 c5 4. d5 d6 5. Nc3 Bg7 6. e4 b5 7. cxb5 a6 8. bxa6 Bxa6 9. Bxa6 Nxa6 10. 0-0 0-0 11. Nd2 e6 12. dxe6 fxe6 13. e5 dxe5 14. Qe2 Nd5 15. Nde4 Nf4 16. Qg4 Qe7 17. Rd1 Nb4 18. Rd6 Nc2 19. Rb1 Nd4 20. b4 cxb4 21. Rxb4 Nd3 22. Bg5 Qf7 23. Rb1 Nxf2 24. Qh4 Nxe4 25. Nxe4 Ne2+ 26. Kh1 Qf1+ 0-1

[Event "Yuzhny op"]
[Site "Yuzhny"]
[Date "2008.09.21"]
[Round "3"]
[White "Fiodorov, Mikhail"]
[Black "Fingerov, Dmitry"]
[Result "0-1"]
[WhiteElo "2230"]
[BlackElo "2365"]
[PlyCount "142"]
[EventDate "2008.09.20"]
[EventType "swiss"]
[EventRounds "9"]
[EventCountry "UKR"]
[SourceTitle "CBM 126 Extra"]
[Source "ChessBase"]
[SourceDate "2008.11.05"]
[SourceVersion "1"]
[SourceVersionDate "2008.11.05"]
[SourceQuality "1"]

1. d4 d5 2. c4 dxc4 3. e4 e5 4. Nf3 Bb4+ 5. Bd2 Bxd2+ 6. Qxd2 exd4 7. Qxd4 Qxd4 8. Nxd4 a6 9. a4 c5 10. Nc2 Nf6 11. Nc3 Be6 12. Ne3 Nc6 13. Bxc4 Bxc4 14. Nxc4 0-0-0 15. f3 Rd4 16. Ne3 Nb4 17. 0-0 Rhd8 18. Rfc1 Nd3 19. Rc2 Rb4 20. Rb1 Kb8 21. b3 Nf4 22. Nc4 Rd3 23. Kf1 Nd7 24. Nb2 Rdd4 25. g3 Ne6 26. Nc4 Nb6 27. Nxb6 Rxb6 28. Nd5 Rd6 29. Nf4 Rd2 30. Rbb2 Rxc2 31. Rxc2 Nd4 32. Rc3 Rb6 33. Rxc5 Rxb3 34. Rd5 Nxf3 35. Kg2 g5 36. Ne2 g4 37. h3 Ne1+ 38. Kf1 gxh3 39. Rh5 Nf3 40. Rxh3 Ng5 41. Rh4 Re3 42. Kf2 Rxe4 43. Rh5 f6 44. a5 Re5 45. Rh6 Rxa5 46. Ke3 Re5+ 47. Kd3 Rd5+ 48. Kc4 Rd6 49. Nc3 Ka7 50. Nd5 Rc6+ 51. Kd4 f5 52. Rxc6 bxc6 53. Ne7 Kb6 54. Nxf5 Kb5 55. Kc3 Kc5 56. g4 Ne4+ 57. Kb3 Kd5 58. Ne7+ Kd6 59. Nf5+ Ke5 60. Ne7 Kd6 61. Nf5+ Ke6 62. Nd4+ Kd5 63. Nf5 c5 64. Ne7+ Kd4 65. Nc6+ Kd3 66. Ne5+ Ke3 67. Nc6 Kf4 68. Nb8 Kxg4 69. Nxa6 h5 70. Nc7 h4 71. Nd5 Kf3 0-1

[Event "Geller Memorial op-A 4th"]
[Site "Odessa"]
[Date "2008.09.15"]
[Round "7"]
[White "Fiodorov, Mikhail"]
[Black "Lomakin, Viktor"]
[Result "0-1"]
[WhiteElo "2230"]
[BlackElo "2082"]
[PlyCount "75"]
[EventDate "2008.09.09"]
[EventType "swiss"]
[EventRounds "9"]
[EventCountry "UKR"]
[SourceTitle "CBM 126 Extra"]
[Source "ChessBase"]
[SourceDate "2008.11.05"]
[SourceVersion "1"]
[SourceVersionDate "2008.11.05"]
[SourceQuality "1"]

1. d4 d5 2. c4 e6 3. Nf3 c5 4. cxd5 exd5 5. Nc3 Nc6 6. dxc5 d4 7. Ne4 Bf5 8. Nd6+ Bxd6 9. cxd6 Qxd6 10. a3 Nf6 11. g3 0-0 12. Bg2 Rfe8 13. 0-0 Be4 14. Bf4 Qd5 15. Ne1 Bxg2 16. Nxg2 h6 17. Qd3 Re7 18. Rac1 Rae8 19. Rc2 Ne4 20. f3 Nf6 21. Rd1 Qe6 22. b4 a6 23. e4 dxe3 24. Bxe3 Rd7 25. Qf1 Rxd1 26. Qxd1 Qb3 27. Qc1 Nd5 28. Re2 Ne5 29. Qf1 Qxa3 30. f4 Ng4 31. Bc1 Qa4 32. Rxe8+ Qxe8 33. Qf3 Ngf6 34. Ne3 Qc6 35. Bd2 Nxb4 36. Kg2 Qxf3+ 37. Kxf3 Nc6 38. Nc4 0-1

[Event "Geller Memorial op-A 4th"]
[Site "Odessa"]
[Date "2008.09.14"]
[Round "6"]
[White "Stets, Dmitry"]
[Black "Fiodorov, Mikhail"]
[Result "1-0"]
[WhiteElo "2420"]
[BlackElo "2230"]
[PlyCount "67"]
[EventDate "2008.09.09"]
[EventType "swiss"]
[EventRounds "9"]
[EventCountry "UKR"]
[SourceTitle "CBM 126 Extra"]
[Source "ChessBase"]
[SourceDate "2008.11.05"]
[SourceVersion "1"]
[SourceVersionDate "2008.11.05"]
[SourceQuality "1"]

1. e4 e6 2. d3 d5 3. Nd2 Be7 4. Ngf3 Nf6 5. g3 dxe4 6. dxe4 b6 7. Bb5+ Bd7 8. Bd3 c5 9. Qe2 Nc6 10. e5 Nd5 11. c3 Na5 12. Ne4 h6 13. 0-0 Qc7 14. b3 Rc8 15. c4 Nb4 16. Bb1 Bc6 17. Bb2 Bxe4 18. Bxe4 Rd8 19. Bc3 Rd7 20. Rad1 Kd8 21. a3 Nbc6 22. b4 cxb4 23. axb4 Nb7 24. Rxd7+ Kxd7 25. Qd1+ Kc8 26. Qa4 Nbd8 27. Nd4 Nxd4 28. Bxd4 f5 29. exf6 Bxf6 30. Be3 Qe5 31. Qa6+ Kd7 32. Qxa7+ Ke8 33. Bg6+ Kf8 34. Rd1 1-0

[Event "Odessa Region-ch"]
[Site "Odessa"]
[Date "2008.04.20"]
[Round "5"]
[White "Fiodorov, Mikhail"]
[Black "Bogdanovich, Stanislav"]
[Result "1/2-1/2"]
[WhiteElo "2223"]
[BlackElo "2327"]
[PlyCount "112"]
[EventDate "2008.04.16"]
[EventType "swiss"]
[EventRounds "9"]
[EventCountry "UKR"]
[SourceTitle "CBM 123 Extra"]
[Source "ChessBase"]
[SourceDate "2008.05.06"]
[SourceVersion "1"]
[SourceVersionDate "2008.05.06"]
[SourceQuality "1"]

1. d4 d5 2. c4 dxc4 3. e4 e6 4. Nc3 c5 5. d5 exd5 6. Nxd5 Nf6 7. Bxc4 Nxd5 8. Qxd5 Qc7 9. Nf3 Be6 10. Qd3 Bxc4 11. Qxc4 Bd6 12. Bd2 Nc6 13. Bc3 0-0 14. 0-0 Rad8 15. b3 Rd7 16. Rad1 Rfd8 17. g3 Ne5 18. Bxe5 Bxe5 19. Rd5 Rxd5 20. exd5 Bf6 21. Rd1 Qd6 22. Rd2 g6 23. a4 Kg7 24. h4 h5 25. Kg2 b6 26. Kf1 Rd7 27. Kg2 Qe7 28. Qf4 Rd6 29. Rd3 Qd8 30. Qe4 Kg8 31. Qc4 Qd7 32. Nd2 Qd8 33. Ne4 Rd7 34. d6 Ba1 35. b4 cxb4 36. Qxb4 Qa8 37. Kh2 Qc6 38. Rd1 Be5 39. f4 Bg7 40. Rd2 a5 41. Qb1 Qxa4 42. Rd5 Qc4 43. Rb5 f5 44. Ng5 Rxd6 45. Kh3 Bd4 46. Rb3 Bc5 47. Qe1 Rd8 48. Rb1 Bb4 49. Qe5 Qd5 50. Rd1 Bd2 51. Qf6 Rd6 52. Qe7 Rd7 53. Qf6 Rd6 54. Qe7 Rd7 55. Qf6 Rd6 56. Qe7 Rd7 1/2-1/2